Taylor Swift - Chansons de l'album Fearless - Statistiques

Statistiques générales
  • Ce quiz a été pris 743 fois
  • Le résultat moyen est 17 sur 25
Statistiques - réponses
Hint Réponse % Correct
Album original 1 Fearless
99%
Album original 3 Love Story
97%
Album original 6 You Belong With Me
93%
Album original 2 Fifteen
84%
Album original 5 White Horse
82%
Album original 4 Hey Stephen
81%
Taylor's Version 21 Mr. Perfectly Fine
80%
Album original 10 The Way I Loved You
79%
Album original 11 Forever & Always
72%
Taylor's Version 25 Bye Bye Baby
68%
Album original 13 Change
64%
Album original 7 Breathe
63%
Taylor's Version 24 Don't You
63%
Taylor's Version 23 That's When
63%
Album original 12 The Best Day
63%
Album original 14 Jump Then Fall
62%
Taylor's Version 18 The Other Side of the Door
61%
Album original 15 Untouchable
58%
Album original 9 You're Not sorry
58%
Album original 17 Superstar
57%
Album original 8 Tell Me Why
53%
Taylor's Version 19 Today Was a Fairytale
53%
Album original 16 Come In With The Rain
51%
Taylor's Version 22 We Were Happy
49%
Taylor's Version 20 You All Over Me
48%
Aucun quiz correspondant
Distribution des résultats
% des personnes avec chaque résultat
Percentile par nombre de réponses
Votre historique - résultats
Vous n’avez pas pris ce quiz